Insects at your fingertips / (Record no. 110167)
[ view plain ]
| 000 -LEADER | |
|---|---|
| fixed length control field | 00675nam a2200193 a 4500 |
| 001 - CONTROL NUMBER | |
| control field | 0739 |
| 005 - DATE AND TIME OF LATEST TRANSACTION | |
| control field | 20140414131850.0 |
| 008 - FIXED-LENGTH DATA ELEMENTS--GENERAL INFORMATION | |
| fixed length control field | 040927s19uu xx 00 eng d |
| 020 ## - INTERNATIONAL STANDARD BOOK NUMBER | |
| International Standard Book Number | 1-56293-335-3 |
| 050 ## - LIBRARY OF CONGRESS CALL NUMBER | |
| Classification number | M 595.7 |
| Item number | N23 1993 |
| 100 ## - MAIN ENTRY--PERSONAL NAME | |
| Personal name | Nayer, Judy |
| 245 ## - TITLE STATEMENT | |
| Title | Insects at your fingertips / |
| Statement of responsibility, etc | written by Judy Nayer ; illustrated by Grace Goldberg. |
| 260 ## - PUBLICATION, DISTRIBUTION, ETC. (IMPRINT) | |
| Place of publication, distribution, etc | New York : |
| Name of publisher, distributor, etc | McClanahan Book, |
| Date of publication, distribution, etc | 1993. |
| 300 ## - PHYSICAL DESCRIPTION | |
| Extent | p. : ill. ; cm. |
| 440 ## - SERIES STATEMENT/ADDED ENTRY--TITLE | |
| Title | At your fingertips |
| 520 ## - SUMMARY, ETC. | |
| Summary, etc | Insects explores the huge family of six-legged creatures, from busy bees and fast-flying dragonflies to noisy crickets and beautiful butterflies. |
| Withdrawn status | Lost status | Damaged status | Use restrictions | Home library | Current library | Shelving location | Date acquired | Source of acquisition | Total Checkouts | Full call number | Barcode | Date last seen | Price effective from | Koha item type |
|---|---|---|---|---|---|---|---|---|---|---|---|---|---|---|
| Munich Library | Munich Library | Main Section | 09/27/2004 | M 595.7 N23 1993 | M0472 | 04/14/2014 | 04/14/2014 | Books | ||||||
| Munich Library | Munich Library | Main Section | 10/20/2004 | M 595.7 N23 1993 | M0474 | 04/14/2014 | 04/14/2014 | Books |